LEADER 01527nam a2200325 i 4500 001 000000137483 003 CaOOAMICUS 005 20050504000000.0 008 050504s2004 it u000 u fre u 013 $a111258 020 $a2-503-51674-2 040 $aSeMil$bita 100 1 $aRobert, Philippe,$d<1955- >.$0(OLS)http://semarc/name/55790 245 10$aJoseph Gelineau, pionnier du chant liturgique en français :$bla redécouverte des formes /$cPhilippe Robert. 260 $aTurnhout :$bBrepols,$c2004. 300 $a282 p., [1] c. di tav. :$bill., ritr. ;$c24 cm. 490 0 $aMysteria : collection liturgique ;$v4 500 $aContiene : Bibliographie de J. Gelineau ; Éléments de discographie. 650 4$aLiturgia - Musica - Studi.$0(OLS)http://semarc/subject/16285 650 4$aMusica sacra.$0(OLS)http://semarc/subject/1556 650 4$aGelineau, Joseph - Canti liturgici.$0(OLS)http://semarc/subject/27018 774 0 $tBibliographie de J. Gelineau.$w()304652 774 0 $tÉléments de Discographie.$w()304653 830 0$aMysteria ;$v4.$0(OLS)http://semarc/title/17833 850 $aSeMil 852 $aSeMil$W1$xVenegono$y1$m3K III 62$j91028$B91028$CSeMilBibl$Z2$F97455 $81 961 $aAcquisto: Brepols 996 $6020$a2-503-51674-2$9(OLS)http://semarc/number/125211 996 $6245$aJoseph Gelineau, pionnier du chant liturgique en français :$bla redécouverte des formes$9(OLS)http://semarc/title/200884 996 $6260$aTurnhout :$bBrepols$9(OLS)http://semarc/publisher/29626 LEADER 01116nam a2200253 i 4500 001 000000202239 003 CaOOAMICUS 005 20110518000000.0 008 110518n it u000 u ita u 013 $a180947 040 $aSeMil$bita 100 1 $aRumi, Giorgio ,$d<1938-2006>.$0(OLS)http://semarc/name/10288 245 13$aLa Democrazia Cristiana e l'autonomia regionale /$cG. Rumi. 260 $aBologna :$bIl Mulino,$c[196?] 300 $aP. 291-326 ;$c22 cm. 500 $aEstratto dal volume : "Regioni e Stato dalla Resistenza alla Costituzione" a cura di Massimo Legnani. - Fondo Card. Giovanni Colombo. 650 4$aDemocrazia Cristiana <1943-1994>.$0(OLS)http://semarc/subject/1963 650 4$aAutonomia regionale.$0(OLS)http://semarc/subject/18464 850 $aSeMil 852 $aSeMil$W1$xVenegono$y1$m5D VIII 21/11$j152762$B152762$CSeMilBibl$Z2$F163796 $81 941 1 $a3 961 $aLascito: Colombo Card. Giovanni 996 $6245$aLa Democrazia Cristiana e l'autonomia regionale$9(OLS)http://semarc/title/292754 996 $6260$aBologna :$bIl Mulino$9(OLS)http://semarc/publisher/29842